[Event "Trois-Rivieres Mauricie op"]
[Site "Trois Rivieres"]
[Date "2012.03.17"]
[Round "2"]
[White "Demeule, Sylvain"]
[Black "Lemieux, Serge"]
[Result "0-1"]
[WhiteElo "1606"]
[BlackElo "1469"]
[PlyCount "83"]
[EventDate "2012.03.16"]
[EventType "swiss"]
[EventRounds "5"]
[EventCountry "CAN"]
[SourceTitle "EXT 2022"]
[Source "ChessBase"]
[SourceDate "2021.10.06"]
[SourceVersion "1"]
[SourceVersionDate "2021.10.06"]
[SourceQuality "1"]

1. e4 e6 2. d4 d5 3. e5 c5 4. Nf3 Nc6 5. Bd3 Bd7 6. c3 Qb6 7. 0-0 cxd4 8. cxd4 Nxd4 9. Nxd4 Qxd4 10. Nc3 a6 11. Qe2 Bb4 12. Bd2 Ne7 13. a3 Ba5 14. b4 Bc7 15. Rfe1 Nc6 16. Na4 Nxe5 17. Nc5 Nxd3 18. Be3 Bxh2+ 19. Kf1 Qh4 20. Nxd7 Nxe1 21. Nb6 Be5 22. Qxe1 Bxa1 23. Nxa8 0-0 24. Nb6 Qh1+ 25. Ke2 Qxe1+ 26. Kxe1 f6 27. Ke2 Rd8 28. Bf4 e5 29. Bg3 Kf7 30. Kd3 e4+ 31. Ke2 f5 32. Na4 d4 33. Bc7 Rc8 34. Bb6 d3+ 35. Kd1 Be5 36. Bc5 Bc7 37. Bd4 g5 38. Nc5 b6 39. Nxa6 Bf4 40. Bb2 Rc2 41. g3 Rxb2 42. gxf4 0-1